| Поле | Название | Значение |
| |
Тип записи |
a |
| |
Библиографический уровень |
m |
| 001 |
Контрольный номер |
RU\infra-m\znanium\bibl\2191692 |
| 005 |
Дата корректировки |
20260429142121.4 |
| 008 |
Кодируемые данные |
250114s2025 RU g rus u |
| 020 |
Индекс ISBN |
__ |
| a |
ISBN |
978-5-93035-816-2 |
| 040 |
Источник каталогиз. |
__ |
| a |
Служба первич. каталог. |
Общество с ограниченной ответственностью «ЗНАНИУМ» |
| 041 |
Код языка издания |
__ |
| a |
Код языка текста |
rus |
| 044 |
Код страны публикации |
__ |
| a |
Код страны публикации |
RU |
| 080 |
Индекс УДК |
__ |
| a |
Индекс УДК |
347 |
| 084 |
Индекс другой классификации/Индекс ББК |
__ |
| 2 |
Источник индекса |
rubbk |
| a |
Индекс другой классификации/Индекс ББК |
67409 |
| 084 |
Индекс другой классификации/Индекс ББК |
__ |
| 2 |
Источник индекса |
okso |
| a |
Индекс другой классификации/Индекс ББК |
40.03.01 |
| 084 |
Индекс другой классификации/Индекс ББК |
__ |
| 2 |
Источник индекса |
okso |
| a |
Индекс другой классификации/Индекс ББК |
40.05.02 |
| 100 |
Автор |
__ |
| a |
Автор |
Нарышкина Н.И. |
| q |
Полное имя |
Нарышкина Наталья Игоревна |
| u |
Дополнение |
Владимирский юридический институт Федеральной службы исполнения наказаний |
| 245 |
Заглавие |
__ |
| a |
Заглавие |
Организация деятельности исправительных центров |
| b |
Продолж. заглавия |
Учебное пособие |
| c |
Ответственность |
Владимирский юридический институт Федеральной службы исполнения наказаний |
| 250 |
Сведения об издании |
__ |
| a |
Основные сведения об издании |
1 |
| 260 |
Выходные данные |
__ |
| a |
Место издания |
Владимир |
| b |
Издательство |
ФГОУ ВПО "Владимирский юридический институт Федеральной службы исполнения наказаний" |
| c |
Дата издания |
2024 |
| 300 |
Физическое описание |
__ |
| a |
Объем |
61 с. |
| 520 |
Аннотация |
__ |
| a |
Аннотация |
Содержит исторические теоретические правовые и организационные аспекты функционирования исправительных центров в Российской Федерации. Предназначено для обучающихся образовательных организаций ФСИН России по специальности 40.05.02 Правоохранительная деятельность и направлению подготовки 40.03.01 Юриспруденция а также может быть полезно практическим работникам учреждений и органов уголовно-исполнительной системы Российской Федерации. |
| 521 |
Примеч. о цел. назн. |
__ |
| a |
Примеч. о целев. назн. |
ВО - Бакалавриат |
| 650 |
Тематические рубрики |
__ |
| a |
Основная рубрика |
Право. Юридические науки |
| x |
Основная подрубрика |
Уголовное право |
| 655 |
Указ. предметных рубрик (устаревшее) |
__ |
| a |
Жанр/ форма (устаревшее) |
Учебное пособие |
| 700 |
Другие авторы |
__ |
| a |
Другие авторы |
Гусев А.С. |
| q |
Полное имя |
Гусев Антон Сергеевич |
| 700 |
Другие авторы |
__ |
| a |
Другие авторы |
Звонова А.В. |
| q |
Полное имя |
Звонова Анна Вениаминовна |
| u |
Дополнение |
Владимирский юридический институт Федеральной службы исполнения наказаний |
| 700 |
Другие авторы |
__ |
| a |
Другие авторы |
Мартынов В.В. |
| q |
Полное имя |
Мартынов Владимир Викторович |
| 856 |
Электронный адрес документа |
4_ |
| a |
Имя сервера/домена |
znanium.ru |
| m |
Помощь |
ebs_support@infra-m.ru |
| n |
Местонахождение сервера |
НИЦ ИНФРА-М |
| u |
URL |
https://znanium.ru/catalog/document?id=459590 |
| 856 |
Электронный адрес документа |
48 |
| a |
Имя сервера/домена |
znanium.ru |
| d |
Путь |
/cover/2191 |
| f |
Электронное имя |
2191692.jpg |
| q |
Тип электронного формата |
image/jpeg |
| u |
URL |
https://znanium.ru/cover/2191/2191692.jpg |
| 911 |
|
__ |
| u |
|
0030=https://znanium.ru/catalog/document?id=459590 |